000 00712nam a22001337a 4500
040 _cRUA
082 _aVEM NOR 2024 B1.330 Or.1
100 _aNORN VICHET, ណន វិចិត្ត
245 _aកម្រិតអង់ទីករជំងឺញ៉ូវកាសលើមាន់ នៅឃុំចោងម៉ោង ស្រុកទឹកផុស ខេត្តកំពង់ឆ្នាំង, Antibody levels of newcastle disease in chickens in chong moang commune, teuk phos district, kampong chhang province,
260 _aPHNOM PENH
_bRUA
_c2024
300 _axi,
_bill,
_c29cm,
856 _uhttps://drive.google.com/file/d/1rmmh-MlMJrMmSNGNIx3ddveXxQtvV99B/view?usp=sharing
942 _cVEM
999 _c24737
_d24737